Central Library OPAC University of Rajshahi

পলাশীর ষড়যন্ত্র ও সেকালের সমাজ / (Record no. 55681)

MARC details
000 -LEADER
fixed length control field 00807nam a2200217 a 4500
001 - CONTROL NUMBER
control field 55681
003 - CONTROL NUMBER IDENTIFIER
rucl marc code BD-RjUL
005 - DATE AND TIME OF LATEST TRANSACTION
control field 20211209080312.0
008 - FIXED-LENGTH DATA ELEMENTS--GENERAL INFORMATION
fixed length control field 161121s1996 ii ||||| |||| 00| 0 ben d
035 ## - SYSTEM CONTROL NUMBER
System control number (BD-RjUL)55805
040 ## - CATALOGING SOURCE
Original cataloging agency BD-RjUL
Language of cataloging ben
Transcribing agency BD-RjUL
041 ## - LANGUAGE CODE
Language code of text/sound track or separate title ben
082 ## - DEWEY DECIMAL CLASSIFICATION NUMBER
Edition number 23
Classification number 954.03
Author mark and year RAP 1996
100 ## - MAIN ENTRY--PERSONAL NAME
Personal name রায়, রজত কান্ত
9 (RLIN) 165850
245 10 - TITLE STATEMENT
Title পলাশীর ষড়যন্ত্র ও সেকালের সমাজ /
Statement of responsibility, etc. রজত কান্ত রায়
260 ## - PUBLICATION, DISTRIBUTION, ETC. (IMPRINT)
Place of publication, distribution, etc. কলিকাতা :
Name of publisher, distributor, etc. দে;জ পাবলিশিং,
Date of publication, distribution, etc. ১৯৯৬ [?]
300 ## - PHYSICAL DESCRIPTION
Pagination ৩১০ পৃ. ;
Size ২১ সেমি .
650 ## - SUBJECT ADDED ENTRY--TOPICAL TERM
Topical term or geographic name as entry element ইতিহাস
Geographic subdivision বেঙ্গল
9 (RLIN) 165832
Topical term or geographic name as entry element History
Geographic subdivision Bengal
9 (RLIN) 117058
942 ## - ADDED ENTRY ELEMENTS (KOHA)
Source of classification or shelving scheme Dewey Decimal Classification
Koha item type Books
Holdings
Lost status Source of classification or shelving scheme Damaged status Not for loan Collection code Permanent Location Current Location Shelving location Date acquired Source of acquisition Cost, normal purchase price Total Checkouts Full call number Date last seen Copy number Koha item type
  Dewey Decimal Classification     Non-fiction Central Library, University of Rajshahi Central Library, University of Rajshahi   23/06/1996 World Agency, Dhaka 60.00   B 954.03 RAP 1996 21/11/2016 C-2 Books